000 00342nam a22001457a 4500
003 OSt
005 20240403111845.0
008 240403b |||||||| |||| 00| 0 eng d
040 _cCentral Library MRSPTU
100 _aAmneet Rattan
245 _aCircles
260 _aLudhiana
_bParteek Publication
_c1997
300 _a80
942 _2ddc
_cBK
_n0
999 _c9960
_d9960